Разработка эффективных методов ведения взрывных работ для внедрения на карьерах цветной металлургии; Совершенствование добычи руд открытым и подземным способами

Библиографические подробности
Источник:Совершенствование добычи руд открытым и подземным способами.— 1975.— С. 39-44
Главный автор: Сон Т. В.
Язык:русский
Опубликовано: 1975
Формат: MixedMaterials Статья
Запись в KOHA:https://koha.lib.tpu.ru/cgi-bin/koha/opac-detail.pl?biblionumber=218990

MARC

LEADER 00000naa2a2200000 4500
001 218990
005 20231031194953.0
035 |a (RuTPU)RU\TPU\book\239028 
035 |a RU\TPU\book\239025 
090 |a 218990 
100 |a 20120629d1975 k y0rusy50 ca 
101 0 |a rus 
102 |a UZ 
200 1 |a Разработка эффективных методов ведения взрывных работ для внедрения на карьерах цветной металлургии  |f Т. В. Сон 
320 |a Библиогр.: с. 44 (8 назв.) 
463 0 |0 (RuTPU)RU\TPU\book\238988  |t Совершенствование добычи руд открытым и подземным способами  |o научные труды  |f Среднеазиатский научно-исследовательский и проектный институт цветной металлургии  |v С. 39-44  |d 1975  |p 172 с.  |s Научные труды ; № 13 
700 1 |a Сон  |b Т. В. 
801 1 |a RU  |b 63413507  |c 20120629 
801 2 |a RU  |b 63413507  |c 20120629  |g RCR 
942 |c BK